Học nghề xây dựng mộc

保存先:
書誌詳細
第一著者: Vương, Kỳ Quân
フォーマット: 図書
言語:Undetermined
出版事項: Tp. Hồ Chí Minh Trẻ 2001
主題:
タグ: タグ追加
タグなし, このレコードへの初めてのタグを付けませんか!
Thư viện lưu trữ: Trung tâm Học liệu Trường Đại học Cần Thơ
LEADER 00543nam a2200193Ia 4500
001 CTU_87377
008 210402s9999 xx 000 0 und d
020 |c 31000 
082 |a 694 
082 |b Qu502 
100 |a Vương, Kỳ Quân 
245 0 |a Học nghề xây dựng mộc 
245 0 |c Vương Kỳ Quân ; Võ Mai Lý dịch 
260 |a Tp. Hồ Chí Minh 
260 |b Trẻ 
260 |c 2001 
650 |a Carpentry,Woodwork 
904 |i Mai Loan 
980 |a Trung tâm Học liệu Trường Đại học Cần Thơ